000 00609nam a2200205 a 4500
003 MX-MxUPN
005 20240612063841.0
008 991125s1953 mx a r 000 0 spa d
035 _aUPN01000035161
040 _aMX-MxUPN
_bspa
_cMX-MxUPN
041 0 _aspa
050 4 _aLB1573 M6.1
_bM3.4
100 1 _aMantilla, Luis Felipe,
_d1833-1877
_929116
245 1 0 _aLibro de lectura no. 1 /
_cLuis F. Mantilla.
260 _aMéxico :
_bHerrero,
_c1953.
300 _a126 páginas :
_bilustraciones
650 4 _aLectura
_xEstudio y enseñanza (Elemental)
_92805
942 _2lcc
_cLIBRO
999 _c35161
_d35161